Fire Emblem - All playable Pegasus Knights - Statistics

General Stats
  • This quiz has been taken 16 times
    15 since last reset
  • The average score is 24 of 36
Answer Stats
Hint Answer % Correct
Catria
100%
Est
100%
Palla
100%
Shadow Dragon Caeda
91%
Farina
91%
The Blazing Blade Florina
91%
Syrene
91%
Tana
91%
Sacred Stones Vanessa
91%
Gaiden Clair
82%
Elincia
82%
Fiora
82%
Three Houses Ingrid
82%
Juno
82%
Karin
82%
Path of Radiance Marcia
82%
The Binding Blade Shanna
82%
Thea
82%
Engage Chloé
73%
Cordelia
73%
Tanith
73%
Fee
64%
Radiant Dawn Sigrun
64%
Awakening Sumia
64%
Cynthia
45%
Hortensia
45%
Thracia 776 Misha
45%
Echoes Emma
36%
Genealogy of the Holy War Erynis
36%
Hermina
36%
Fates Subaki
36%
Aversa
27%
Constance
27%
Hinoka
27%
Caeldori
18%
Shigure
18%
No matching quizzes found
Score Distribution
Percent of People with Each Score
Percentile by Number Answered
Your Score History
You have not taken this quiz since the last reset